000 01992nam a2200421 c 4500
999 _c50596
_d50596
001 50596
003 ES-MaCES
005 20180410133735.0
007 cr |||||||||||
008 180320s2018 sp l o000 | spa d
017 _aM 9874-2018
_bDL
040 _aES-MaCES
_bspa
_cES-MaCES
110 2 _92408
_aConsejo Económico y Social (España)
245 1 0 _aDictamen 01-2018 sobre el Anteproyecto de Ley de modificación del Texto Refundido de la Ley de Regulación de los Planes y Fondos de Pensiones, aprobado por el Real Decreto Legislativo 1/2002, de 29 de noviembre, para la transposición de la Directiva 2014/50/UE, del Parlamento Europeo y del Consejo de 16 de abril de 2014, relativa a los requisitos mínimos para reforzar la movilidad de los trabajadores entre Estados miembros mediante la mejora de la adquisición y el mantenimiento de los derechos complementarios de pensión
_b: Sesión ordinaria del Pleno de 7 de marzo de 2018
_cConsejo Económico y Social
260 _aMadrid
_bConsejo Económico y Social España
_c2018
300 _a13 p.
_c21 cm
_e1 documento pdf (113 kb)
490 1 _aColección Dictámenes
_v1-2018
541 _cGratuito
650 4 _ajubilación
_928360
650 4 _afondo de jubilaciones
_929816
650 4 _arégimen de pensión
_927042
650 4 _aprotección complementaria
_930466
650 4 _amovilidad de la mano de obra
_928354
650 4 _alibre circulación
_929880
650 4 _aderechos de los trabajadores
_929924
650 4 _adivulgación de la información
_929540
650 4 _aDirectiva de la CE
_929873
650 4 _a2014
_934918
650 4 _aarmonización
_929884
650 4 _aEspaña
_926964
650 4 _arégimen jurídico
_929894
650 4 _adictamen
_930802
653 1 0 _aSeguridad Social
830 0 _932521
_aColección Dictámenes (Consejo Económico y Social (España))
_v1-2018
856 4 _uhttp://www.ces.es/documents/DIC/2018/01
902 _aLIB Libro
942 _2CES
_cBK
_h3.0.